Дело об увольнении от должности книгоиздателя Департамента народного просвещения Воскресенского и об определении на его место Шт...

Доступно только в Электронных читальных залах Найти на картеНа карте
RUSMARC
00003924nmc2a2200000 x 450
00167dc1e77-4282-49a4-ab46-0fe1886a62c6
00520151216162549.0
100##$a20150902l18461849k l0rusy0189 ca
1010#$arus
102##$aRU
2001#$aДело об увольнении от должности книгоиздателя Департамента народного просвещения Воскресенского и об определении на его место Штрика
$j17 сентября 1846 г. - 19 апреля 1849 г.
251##$cДело
300##$aОриг. заголовок дела: Дело о покупке продолжений к "Святому закону" издательства 1842 года. 17 сентября 1846 г. - 19 апреля 1849 г
801#0$aRU
$bРГИА
$c20150902
$gRCR
801#1$aRU
$bГлавНИВЦ
$c20150902
$2rusmarc
801#2$aRU
$bПБ им. Б.Н. Ельцина
$c20151216
$gRCR
$2rusmarc
850##$aРГИА
852##$aРГИА
$eФедеральное казенное учреждение "Российский государственный исторический архив" (РГИА)
$j154
937##$hРГИА
$d12092671
$aASBIBLIO_SCAN
462#0$10016e7ba0f3-98a0-45d9-8501-58dfee489242
$12001
$aДела Хозяйственного отделения Департамента народного просвещения за 1835-1849 гг.
$1251
$cОпись
$1852
$j105
461#0$1001a74412a3-3cc5-4d21-8f0a-dfe2fbd9e72d
$12001
$aДепартамент народного просвещения Министерства народного просвещения
$1251
$cФонд
$1852
$j733
215##$a15 л.
$d36,5х26 см
371##$aДокумент не является опубликованным и широко распространяемым
105##$ay###
1222#$ad
5171#$aДело о покупке продолжений к "Святому закону" издательства 1842 года. 17 сентября 1846 г. - 19 апреля 1849 г
035##$a67dc1e77-4282-49a4-ab46-0fe1886a62c6
Формат отображения